Programming in C (Record no. 4892)

MARC details
000 -LEADER
fixed length control field 00389nam a22001697a 4500
005 - DATE AND TIME OF LATEST TRANSACTION
control field 20180203163654.0
008 - FIXED-LENGTH DATA ELEMENTS--GENERAL INFORMATION
fixed length control field 160630b xxu||||| |||| 00| 0 eng d
020 ## - INTERNATIONAL STANDARD BOOK NUMBER
ISBN 978-81-89757-70-0
041 ## - LANGUAGE CODE
Language code of text/sound track or separate title eng
082 ## - DEWEY DECIMAL CLASSIFICATION NUMBER
Item number 13544
Classification number 005.133
100 ## - MAIN ENTRY--AUTHOR NAME
Personal name Jha, Sk
245 ## - TITLE STATEMENT
Title Programming in C
260 ## - PUBLICATION, DISTRIBUTION, ETC. (IMPRINT)
Name of publisher Katson
300 ## - PHYSICAL DESCRIPTION
Number of Pages 520
650 ## - SUBJECT ADDED ENTRY--TOPICAL TERM
Topical Term Information Technology
942 ## - ADDED ENTRY ELEMENTS (KOHA)
Koha item type Books
Holdings
Lost status Damaged status Home library Current library Shelving location Date acquired Cost, normal purchase price Full call number Accession Number Koha item type Source of acquisition Collection code
    JRU Library   Shelf - 25- M 30/06/2016 250.00 13544 13544 Books    
    JRU Library   SHELF-50-B 30/06/2016 250.00 005.1 13545 Books PURCHASE  
    JRU Library JRU Library Shelf - 25- M 30/06/2016 250.00 13544 13546 Books   CS/IT
    JRU Library JRU Library SHELF-50-B 30/06/2016 250.00 005.1 13547 Books PURCHASE CS/IT
    JRU Library JRU Library SHELF-50-B 30/06/2016 250.00 005.133 13548 Books   CS/IT